Ssaki A-Z - Statystyki

Ogólne statystyki
  • Ten quiz został rozwiązany 73 razy
  • Średni wynik to 15 z 20
Statystyki odpowiedzi
Wskazówka Ssak % Poprawnych
"Król Dżungli" L Lew
95%
Najpopularniejsze zwierzę Australii K Kangur
93%
Największy kotowaty występujący w Polsce R Ryś
93%
Największy kotowaty świata T Tygrys
93%
Żywi się mrówkami i termitami w Ameryce Południowej M Mrówkojad
90%
Koniowaty żyjący w Afryce Z Zebra
90%
Psowaty żyjący w Australii D Dingo
84%
Najliczniej żyjący jeleniowaty na świecie S Sarna
84%
Licznie występuje w Polsce J Jeleń
82%
Niedźwiedź żyjący w Chinach P Panda
82%
Rzadki na wolności, liczny jako zwierzę domowe C Chomik
80%
Główne zagrożenie powyższego H Hiena
79%
Samce posiadają długie, skręcone rogi A Antylopa
77%
Największy obecnie ssak lądowy Ameryki Północnej B Bizon
77%
Podobny do gronostaja Ł Łasica
72%
Jedyny żyrafowaty nie będący żyrafą O Okapi
70%
"Morski Jednorożec" N Narwal
64%
Głowna populacja żyje w Afryce lecz występuje też także w Iranie i Pakistanie G Gepard
57%
Inaczej pantera śnieżna I Irbis
54%
Niedźwiedź z dużymi pazurami, żyjący w Azji W Wargacz
25%
Nie znaleziono quizów pasujących do podanych kryteriów
Rozkład punktacji
Procent ludzi z każdym wynikiem
Percentyl według liczby udzielonych odpowiedzi
Twoja historia wyników
Nie rozwiązałeś tego quizu